[Event "Corus Wijk aan Zee"]
[Site " Wijk aan Zee"]
[Date "2007.01.27"]
[Round "12"]
[White "GM Karjakin, Sergey (UKR)"]
[Black "GM Carlsen, Magnus (NOR)"]
[Result "1/2-1/2"]
[WhiteElo "2678"]
[BlackElo "2690"]
[Annotator "Manowar (îíëàéí)"]
[PlyCount "70"]
[EventDate "2007.01.??"]
[EventType "tourn"]
[EventCountry "NED"]
[EventCategory "19"]
[Source "CrestBook.com"]

{Çäðàâñòâóéòå, óâàæàåìûå ëþáèòåëè øàõìàò. Ñåãîäíÿ ÿ, Manowar, äåáþòèðóþ â
êà÷åñòâå îíëàéí-êîììåíòàòîðà. Ìû ñ âàìè áóäåì ñëåäèòü çà ïàðòèåé äâóõ íîâûõ
«Ê», äâóõ ñàìûõ ìîëîäûõ ó÷àñòíèêîâ òóðíèðà, øàõìàòèñòîâ, êîòîðûå ÷åðåç
íåñêîëüêî ëåò áóäóò ïðåòåíäîâàòü íà òèòóë ÷åìïèîíà ìèðà. Ñåãîäíÿ Ñåðãåé è
Ìàãíóñ íå ïðåòåíäóþò íà ïîáåäó â Âåéêå, íî ÷åðåç íåñêîëüêî ëåò îíè, âåðîÿòíî,
áóäóò óáåäèòåëüíî îáûãðûâàòü ñåãîäíÿøíèõ ôàâîðèòîâ! Ïî êðàéíåé ìåðå, èìåííî
ýòîãî ìû îò íèõ îæèäàåì. Ó Ìàãíóñà áîëüøàÿ ïðåññà, à ó Ñåðãåÿ - áîëüøå î÷êîâ
è áåëûå ôèãóðû. Íàâåðíÿêà óêðàèíñêèé ãðîññìåéñòåð â ëè÷íîé âñòðå÷å
ïîñòàðàåòñÿ äîêàçàòü, ÷òî èìåííî îí ÿâëÿåòñÿ ëèäåðîì ìîëîäîãî ïîêîëåíèÿ.
Ïîýòîìó ïàðòèÿ îáåùàåò áûòü èíòåðåñíîé.} 1. e4 e5 2. Nf3 Nc6 3. Bb5 a6 4. Ba4
Nf6 5. O-O Nxe4 6. d4 b5 7. Bb3 d5 8. dxe5 Be6 {Èíòåðåñíàÿ çàâÿçêà! Îòêðûòûé
âàðèàíò «èñïàíêè» - íå ÷àñòûé ãîñòü íà ñóïåðòóðíèðàõ ïîñëåäíèõ ëåò!} 9. Nbd2
Be7 10. c3 O-O 11. Bc2 f5 12. Nb3 Qd7 13. Nbd4 Nxd4 14. Nxd4 c5 15. Nxe6 Qxe6
16. f3 Ng5 17. a4 Rad8 18. axb5 axb5 19. Bxg5 Bxg5 20. f4 Be7 21. Kh1 Kh8 22.
Qd3 {Îõ è áûñòðî èãðàþò ìîëîäûå äàðîâàíèÿ! Íå óãíàòüñÿ! Ìåæäó òåì ïîñëåäíèé
õîä áåëûõ - íîâèíêà!} ({Ñîôèÿ Ïîëãàð èãðàëà ïðîòèâ Óíöèêåðà â 1996 ãîäó} 22.
Ra7 {, è ïàðòèÿ çàêîí÷èëàñü âíè÷üþ ïîñëå} d4 23. cxd4 (23. Qf3 dxc3 24. bxc3
Rd2 25. Rf2 Rxf2 26. Qxf2 Rb8 27. Qf3 g6 28. h3 h5 29. Qg3 Rg8 30. Rb7 h4 31.
Qf3 Rd8 32. Rxb5 Kg7 33. Rb7 Kf8 34. Kh2 Qd5 35. Qxd5 Rxd5 36. Rb8+ Rd8 37.
Rxd8+ Bxd8 38. c4 Ba5 39. g3 hxg3+ 40. Kxg3 Be1+ 41. Kf3 Ke7 42. Ba4 Bh4 {
1/2-1/2 Sydykov,A (2264)-Maloney,J/Batumi GEO 2006/The Week in Chess 625})
23... Rxd4 24. Qf3 Rd2 25. Rf2 Rd7 26. Rxd7 Qxd7 27. h3 c4 28. g4 g6 29. gxf5 {
1/2-1/2 Polgar,S (2480)-Unzicker,W (2460)/Bad Homburg 1996/CBM 055}) 22... Qb6
{#} 23. g4 {Ñåðãåé ñòðåìèòñÿ àêòèâèçèðîâàòü ñâîè ïåøêè «å» è «f». À Ìàãíóñ
ìîæåò ïîïûòàòüñÿ àêòèâèçèðîâàòü ñâîè. Çàñëóæèâàåò âíèìàíèÿ ïðîäâèæåíèå d5-d4.
Íå áóäó äåëàòü çàïîçäàëîãî äåáþòíîãî ýêñêóðñà - îòêðûòûé âàðèàíò âñÿêî íå ìîé
êîí,ê. Îòìå÷ó òîëüêî, ÷òî ïî äåáþòó Êàðÿêèí îêàçàëñÿ áîëåå ïîäãîòîâëåííûì -
îí ïåðâûì ïðèìåíèë íîâèíêó. Ñåé÷àñ Êàðëñåí çàäóìàëñÿ - ïåðâûå äëèòåëüíûå
ðàçìûøëåíèÿ ñ íà÷àëà ïàðòèè. Êàðÿêèí æå âñå õîäû äî ñèõ ïîð äåëàë áûñòðî.} c4
{Âûãëÿäèò ñîìíèòåëüíî! Ñåé÷àñ áåëûé ôåðçü óéä,ò íà h3, è ïåøêà f5 îêàæåòñÿ
ïîä ñèëüíåéøèì äàâëåíèåì! Ñåðãåé çàäóìàëñÿ. Ìîæåò, åñòü åù¸ áîëåå ñèëüíûå
õîäû?} ({Íåîáõîäèìî îòìåòèòü, ÷òî è ïîñëå ñèëüíåéøåãî} 23... d4 24. gxf5 c4
25. Qe4 d3 26. Bd1 {ó áåëûõ ïðèÿòíåå - îíè âîò-âîò íà÷íóò ñîçäàâàòü óãðîçû
êîðîëþ ñîïåðíèêà, à ÷¸ðíàÿ ïðîõîäíàÿ ïîêà íèêóäà íå èä,ò.}) 24. Qh3 $1 {
Íàø,ë è ïîø,ë. Ó áåëûõ ïåðåâåñ!} Qc6 {Ôåðçü ñòàíîâèòñÿ â çàñàäó è ãðîçèò
âñêðûòûì øàõîì. Íî øàõ - ýòî åù¸ íå ìàò. Ñåé÷àñ íóæíî ðåøèòü, ÷åì áðàòü íà
f5. Âçÿòèå ñëîíîì âûãëÿäèò åñòåñòâåííåå. Ê òîìó æå ïîñëå gf ÷¸ðíûå, ïî âñåé
âèäèìîñòè, ñìîãóò îòûãðàòü ïåøêó.} 25. Qg2 {
Ñåðãåé ïðèêðûâàåò îïàñíóþ äèàãîíàëü. Âåðîÿòíî, ýòî íåòî÷íîñòü.} ({
Ìíå óäàëîñü íàéòè âàðèàíò} 25. Bxf5 g6 26. Bc2 d4+ 27. Qg2 Qxg2+ 28. Kxg2 d3
29. Bd1 Ra8 30. Rxa8 Rxa8 31. f5 $1 {- è ó áåëûõ áîëüøîé ïåðåâåñ!}) 25... fxg4
26. f5 {Âïðî÷åì, íå áóäåì ñëèøêîì ñòðîãî ñóäèòü óêðàèíöà. Ó íåãî ãðîçíàÿ
ïåøå÷íàÿ ïàðà, è íà äîñêå ñîõðàíèëèñü ôåðçè. Êàðëñåíó íàäî çàùèùàòüñÿ î÷åíü
òî÷íî, à ýòî íåïðîñòî äåëàòü â ñòîëü ñëîæíîé ïîçèöèè, ãäå äàæå êîìïüþòåð
êàæäóþ ìèíóòó ìåíÿåò õîä íà ïåðâîé ëèíèè! Âûáîð âåëèê: ìîæíî âûâåñòè ñëîíà íà
ñ5, èëè íàïàñòü íà ïåøêó å5 ôåðç,ì ñ ñ7, èëè ïîéòè «êðåïêî» Qd7 èëè Re8, à
ìîæíî ðèñêíóòü è, ðàñêðûâàÿ êîðîëÿ, çàùèòèòü ïåøêó - 26... h5?! Ïðè áëèæàéøåì
ðàññìîòðåíèè íàøåëñÿ åù¸ íåî÷åâèäíûé õîä 26... g3 - ïðè âçÿòèè ôåðç,ì ÷¸ðíàÿ
ïåøêà óñïåâàåò ïðîñêî÷èòü íà d3, à åñëè óíè÷òîæèòü ïåõîòèíöà-ãåðîÿ ïåøêîé,
òî ïåðåêðûâàåòñÿ âàæíàÿ äëÿ áåëûõ âåðòèêàëü «g». Íåóäèâèòåëüíî, ÷òî Ìàãíóñ
çàäóìàëñÿ. Íàèáîëåå åñòåñòâåííûì õîäîì âûãëÿäèò âñ¸-òàêè 26... Bñ5 - ïðèêðûâàÿ
ïîëå à7, êóäà â âàðèàíòàõ ãîòîâà âòîðãíóòüñÿ áåëàÿ ëàäüÿ, è âûâîäÿ ñëîíà íà
àêòèâíóþ ïîçèöèþ. Ïàññèâíàÿ çàùèòà â ïîçèöèÿõ ñ ðàçíîöâåòíûìè ñëîíàìè ïðè
ïîëíîì êîìïëåêòå òÿæ,ëûõ ôèãóð íå÷àñòî áûâàåò óñïåøíîé.} Bc5 {Åäâà ÿ íàïèñàë
ïîñëåäíåå ïðåäëîæåíèå ïðåäûäóùåãî êîììåíòàðèÿ, Ìàãíóñ ïîñëåäîâàë ìîåé
ðåêîìåíäàöèè! ß äàæå îãëÿíóëñÿ - íî íà äèâàíå çà ìîåé ñïèíîé äðåìëåò ìîé
ìëàäøèé áðàò, à íå íîðâåæñêîå þíîå äàðîâàíèå. Òåïåðü Êàðÿêèíó ñòîèò çàáðàòü
ïåøêó íà g4 - ïåøêè íå îðåøêè, à íà 27...d4 åñòü 28. Be4, è ïåøêà íå óñïåâàåò
ïðîñêî÷èòü íà d3.} 27. Qxg4 {Åñòåñòâåííûé õîä. Ñòðàííî, ÷òî Ñåðãåé äîëãî íàä
íèì äóìàë. Ïîêàçàíèÿ ÷àñîâ: 0.58 - 1.07} Rde8 {Ìàãíóñ ïîñòàâèë ñâîè ëàäüè
ïðîòèâ ïåøåê ñîïåðíèêà. Â ñëó÷àå ïðîäâèæåíèÿ å5-å6 îí íàìå÷àåò óñòðîèòü
áëîêàäó ïî ÷¸ðíûì ïîëÿì. Ìíå êàæåòñÿ, ÷òî ïîçèöèÿ ïîñòåïåííî óðàâíèâàåòñÿ.
Õîòÿ ïîñòîéòå! Íåò ëè òàêòè÷åñêîãî ðåøåíèÿ? Íàäî ðàññìàòðèâàòü ïðîäâèæåíèå
ïåøêè f! 28. f6 gf 29. Bh7! Re5 (âèäèìî, åäèíñòâåííîå) 29. Bg6 Qb7 30 Rf3 - ó
áåëûõ ñèëüíàÿ àòàêà! Òåì âðåìåíåì åñòü ïåðâûé ðåçóëüòàò - è îí ñåíñàöèîííûé!
Àóòñàéäåð Ëþê Âàí Âåëè ïîéìàë ïðåòåíäîâàâøåãî íà ïîáåäó â òóðíèðå Ïåòðà
Ñâèäëåðà íà âàðèàíò è óâåðåííî ïîáåäèë! Ïîêà Ñåðãåé äóìàåò, ïîñìîòðèì íà
äðóãèå ïàðòèè. Òîïàëîâ - Êðàìíèê â ñîñåäíåé êàáèíå êîììåíòèðóåò Ñåðãåé Øèïîâ.
Íàâàðà - Ïîíîìàð,â: ó áåëûõ ëèøíÿÿ ïåøêà, íî ñîìíèòåëüíî, ÷òîáû å, óäàëîñü
ðåàëèçîâàòü. Ìîòûë,â - Ðàäæàáîâ: î÷åíü ñëîæíàÿ ïîçèöèÿ, ìíå êàæåòñÿ, ÷òî ó
Òåéìóðà âñ¸ â ïîðÿäêå. Òèâÿêîâ - Àíàíä: ñîãëàñèëèñü íà íè÷üþ â ïîçèöèè ñ
ìàëåíüêèì ïëþñîì ó Òèâÿêîâà. Øèðîâ - Àðîíÿí - î÷åíü ñëîæíàÿ ïîçèöèÿ,
âûñêàçûâàòü ìíåíèå ïî íåé áåç äåòàëüíîãî ðàññìîòðåíèÿ íå ñòàíó.} 28. f6 gxf6 {#
} 29. Bxh7 {Ìîëîäåö, Ñåðãåé! Íàø,ë! Òåïåðü Ìàãíóñó áóäåò òðóäíî çàùèùàòüñÿ!}
Rxe5 30. Bf5 Rf7 {Ïîæàëóé, ïîñëåäíèé õîä áåëûõ áûë íåòî÷åí, è ÷¸ðíûå
íåìåäëåííî ýòèì âîñïîëüçîâàëèñü, ïîñòàâèâ ëàäüþ íà f7.} ({Ïîñëå} 30... Rf7 {
çà ïåðåâåñ ìîæíî áîðîòüñÿ ïóòåì} 31. Rfe1 (31. Rf3 Rg7 32. Rh3+ Kg8 33. Ra8+
Qxa8 34. Be6+ Rxe6 35. Qxe6+ Rf7 36. Qg4+ Rg7 37. Qe6+ {
ïðèâîäèò ê êðàñèâîé íè÷üåé âå÷íûì øàõîì}) 31... Rxf5 32. Qxf5 d4+ 33. Qe4
Qxe4+ 34. Rxe4 d3 {- ñëîæíî ñêàçàòü, íàñêîëüêî âûñîêè çäåñü øàíñû áåëûõ íà
ïîáåäó, íî íåñîìíåííî, ÷òî èãðà èä,ò íà äâà ðåçóëüòàòà.}) 31. Rae1 {Íó çà÷åì 
æå óâîäèòü ëàäüþ ñ îòêðûòîé ëèíèè? Î÷åíü ïîõîæå íà òî, ÷òî Ñåðãåé âûïóñòèë
ïåðåâåñ! Ñåé÷àñ ÷¸ðíûå ìîãóò ïðîäâèíóòü âïåð,ä ïåøêó d, è â âàðèàíòàõ ó
áåëûõ íå íàõîäèòñÿ íè÷åãî ñóùåñòâåííîãî. ×¸ðíûì áîëüøå íå íóæíî ñëåäèòü çà
ïîëåì à8, è ýòî ðàçâÿçûâàåò èì ðóêè! Âðåìÿ: 0.18 - 0.50. Ïîêà íå öåéòíîò, íî ó
Ñåðãåÿ îí ìîæåò íàñòóïèòü â ïîèñêàõ àòàêè, êîòîðîé óæå íåò. Ìàãíóñ äóìàåò -
âðåìåíè ó íåãî ìíîãî. Îí äîëæåí íàéòè åäèíñòâåííûé õîä: 31... d4. Õîä
î÷åâèäåí, íî òðåáóåòñÿ ïîñ÷èòàòü è âåðíî îöåíèòü ìíîãî âàðèàíòîâ.} ({
Óäàëîñü íàéòè âàðèàíò ñ êðàñèâîé íè÷üåé:} 31. Rae1 d4+ 32. Be4 Qe6 $1 33. Qh4+
Kg7 34. Rg1+ Kf8 35. Qh8+ Ke7 36. Rg8 Qd7 37. Rg5 $3 Qd6 38. Rg8 Qd7 39. Rg5)
31... d4+ 32. Be4 Qe6 33. Bf5 Qc6+ 34. Be4 Qe6 {Åñëè åñòü æåëàíèå ïîâòîðÿòü
õîäû - òî ìîæíî è òàê, íî â ïðåäûäóùåì ïðèìå÷àíèè óêàçàí áîëåå êðàñèâûé
ñïîñîá. Êîíå÷íî, ÷¸ðíûå íå ìîãëè âìåñòî øàõà çàáèðàòü ëàäüþ íà å1, èáî
òîãäà øàõ îáúÿâëÿëè áåëûå - Qh3+, è, çàùèòèâ ëàäüþ, ñëåäóùèì õîäîì çàáèðàëè
áû ôåðçÿ.} 35. Bf5 Qc6+ {Ïîçèöèÿ ïîâòîðèëàñü òðèæäû, íî íè÷üÿ ïîêà íå
çàôèêñèðîâàíà. Íåò, âñ¸-òàêè ÍÈ×Üß! Ñåðãåé ïðèìåíèë öåííóþ íîâèíêó è
ïîëó÷èë ïåðåâåñ. Ê ñîæàëåíèþ, â òå÷åíèå ïàðòèè îí íåñêîëüêî ðàç óïóñòèë
âûãîäíûå âîçìîæíîñòè, è Ìàãíóñó óäàëîñü ñïàñòè. Âåðîÿòíî, Êàðÿêèíó ñòîèëî
ïðîäîëæèòü èãðó è çàñòàâèòü Ìàãíóñà íàéòè åäèíñòâåííûé õîä Qd7 (ñì.
ïðèìå÷àíèå ê 31-ìó õîäó). Íî ó Ñåðãåÿ íà ÷àñàõ îñòàâàëîñü ìåíåå 5 ìèíóò, è
îí ðåøèë íå ðèñêîâàòü - âåäü ïðè íåäîñòàòêå âðåìåíè ìîæíî è ñàìîìó
ïðîñ÷èòàòüñÿ! Îêèíåì âçãëÿäîì ïðîäîëæàþùèåñÿ ïàðòèè. Íàâàðà èìååò íåïëîõèå
øàíñû ðåàëèçîâàòü ëèøíþþ ïåøêó ñ Ïîíîìàð,âûì. Ìîòûë,â - Ðàäæàáîâ: ñëîæíàÿ
ïîçèöèÿ â ñòèëå Ðàäæàáîâà. Ïîõîæå, ó Òåéìóðà è îáúåêòèâíî ïîëó÷øå. Øèðîâ -
Àðîíÿí: ýíäøïèëü ëó÷øå äëÿ ÷¸ðíûõ. Íàïîìèíàþ, ÷òî ïàðòèþ Òîïàëîâ -
Êðàìíèê êîììåíòèðóåò Ñåðãåé Øèïîâ. Íà ýòîì ïðîùàþñü ñ âàìè äî çàâòðà.} 1/2-1/2

[Event "Corus Wijk aan Zee"]
[Site " Wijk aan Zee"]
[Date "2007.01.27"]
[Round "12"]
[White "GM Shirov, , Alexei (ESP)"]
[Black "GM Aronian, Levon (ARM) "]
[Result "1/2-1/2"]
[WhiteElo "2715"]
[BlackElo "2744"]
[Annotator "Âàñèëèé Âèðøè÷"]
[PlyCount "113"]
[EventDate "2007.01.??"]
[EventType "tourn"]
[EventCountry "NED"]
[EventCategory "19"]
[Source "CrestBook.com"]

1. e4 e5 2. Nf3 Nc6 {Óðà! Íå áóäåò íèêàêèõ «ðóññêèõ»...} 3. Bb5 a6 {
...è íèêàêèõ «áåðëèíñêèõ»!} 4. Ba4 Nf6 5. O-O Be7 6. Re1 b5 7. Bb3 O-O 8. h3 {
Íå äîïóñêàÿ çàîäíî è Ìàðøàëëà, êîòîðûé â ïîñëåäíåå âðåìÿ òîæå ïðèîáðåòàåò
ðåïóòàöèþ «íè÷åéíîãî» âàðèàíòà, è êîòîðûé ïðèí,ñ òàê ìíîãî îãîð÷åíèé
áåëûì â ïàðòèè íà ìåìîðèàëå Òàëÿ ìåæäó ýòèìè æå ñîïåðíèêàìè.} Bb7 9. d3 d6 10.
a3 Na5 ({Â âîñüìîì òóðå Íàâàðà ñ Êàðÿêèíûì èãðàë ïî-äðóãîìó} 10... Nd7 {
(ñì. >= 55).}) 11. Ba2 c5 12. Nc3 Nc6 13. Nd5 Nxd5 14. Bxd5 Qc7 15. c3 Nb8 ({
Ïî-èíîìó èãðàë ñàì Øèðîâ ïðîòèâ ßêîâåíêî (Pamplona ESP 2006) -} 15... Na5 16.
Bxb7 Qxb7 17. b4 Nc6 18. Qb3 a5 19. Be3 {
1/2 Íî òàì áûëà ñîâñåì äðóãàÿ òóðíèðíàÿ ñèòóàöèÿ.}) 16. Bxb7 Qxb7 17. Nh2 ({
È ýòà ïîçèöèÿ â òâîð÷åñòâå Ëåâîíà óæå âñòðå÷àëàñü:} 17. d4 Nc6 18. Be3 Rfd8
19. Qe2 Na5 20. Nd2 cxd4 21. cxd4 Rac8 22. Rac1 Rxc1 23. Rxc1 Rc8 24. Qd1 Nc4
25. Nxc4 Rxc4 26. Rxc4 bxc4 $11 {
... 1/2 (Iordachescu,V (2550) - Aronian,L (2606)/Istanbul 2003).}) 17... Nd7 18.
Ng4 $146 ({
Ðàíüøå èñïûòûâàëîñü 18.Nf1 (Djukic,N (2509)-Antic,D (2488)/Kopaonik 2005):} 18.
Nf1 Rfe8 19. Ne3 Bf8 20. Rf1 Rac8 21. b3 g6 22. c4 Bg7 23. Ra2 Rb8 24. Rb2 Qc6
25. Kh1 bxc4 26. bxc4 Rxb2 27. Bxb2 Rb8 28. Bc3 Qb7 29. Qa1 Qb3 30. Kh2 h5 31.
a4 Bh6 32. Nd5 Qc2 33. Qd1 Qxd1 34. Rxd1 Rb3 {ñ ðàâíîé ïîçèöèåé.}) 18... Nf6
19. Ne3 g6 20. b3 Rab8 21. Bb2 Rfd8 22. Qf3 d5 {Âîò òàê ïðèìåðíî è ïðîòåêàëè
ïàðòèè êîãäà ÿ ïûòàëñÿ èãðàòü «êðåïêî» (äàæå íåìíîãî ïàññèâíî), ÷òî, â
îáùåì-òî, ìíå ñîâñåì íå ñâîéñòâåííî (ìîæåò áûòü, ýòî ïðîòèâîïîêàçàíî âñåì
îáëàäàòåëÿì ãîðäîãî èìåíè Âàñèëèé? ;) )  Óñòàâøèå æäàòü àêòèâíîñòè îò
ïðîòèâíèêà, ÷¸ðíûå ïðîðûâàëèñü ïî öåíòðó, çàõâàòûâàëè ëèíèþ «d»...  Òàêèì
îáðàçîì áûë ÷àñòåíüêî áèò. Ïîýòîìó, íàäåþñü íà Àëåêñåÿ. Ìîæåò, õîòü îí
îáúÿñíèò, ÷òî òóò ê ÷åìó...} 23. exd5 Nxd5 24. d4 {
Èçáàâëÿåìñÿ îò îòñòàëîé ïåøêè, íî...} Nf4 $1 ({Êîíå÷íî íå} 24... cxd4 $2 25.
cxd4 exd4 26. Nxd5 Rxd5 27. Rxe7 $18) 25. Qg3 $5 {À îí ìÿòåæíûé ïðîñèò áóðè.} (
{Îáúåêòèâíî ñèëüíåå áûëî} 25. Qxb7 Rxb7 26. dxe5 Nd3 27. Re2 Bg5 $5 ({ïîñëå} 
27... Nxe5 {ïîçèöèÿ âûðàâíèâàåòñÿ} 28. c4 Nd3 29. Nd5 Rxd5 30. cxd5 Nxb2 31.
Rxb2 Bf6 32. Rbb1 Bxa1 33. Rxa1 Rd7 34. Rd1 f5 {ñ âåðîÿòíîé íè÷üåé}) 28. Rd1
Rbd7 29. Ba1 Nxe5 30. Rxd7 Rxd7 31. c4 $5 {, âûïóñêàÿ íà ñâîáîäó îñëà.} Nxc4
32. Nd5 Nd6 33. Bf6 Bh6 {
- àêòèâíûå ôèãóðû áåëûõ âïîëíå êîìïåíñèðóþò îòñóòñòâèå ïåøêè.}) 25... Nd3 26.
Ng4 e4 {Ïðàâèëüíûé îòâåò!} ({Íå ãîäèòñÿ ïðèíÿòèå äàðîâ -} 26... Nxb2 $2 27.
Nh6+ Kg7 ({åù¸ íå ïîçäíî áûëî ïðîèãðàòü:} 27... Kf8 $4 28. Qxe5 f6 29. Qe6) 28.
Nf5+ Kg8 (28... Kf8 29. Qxe5 f6 30. Qxe7+ {, è âëàñòü ìåíÿåòñÿ}) 29. Nh6+ {
ñ âå÷íûì øàõîì}) ({Íå âàæíî è} 26... Nxe1 $6 27. Rxe1 Qc7 28. Nh6+ Kf8 29.
dxe5 Qd7 {. Êîìïüþòåð «óòâåðæäàåò», ÷òî ó ÷¸ðíûõ è çäåñü íåìíîãî ëó÷øå,
íî ìíîãî ëè íàéä,òñÿ ñðåäè «áåëêîâûõ» ãðîññìåéñòåðîâ æåëàþùèõ èãðàòü çà íèõ
â ýòîì ïîëîæåíèè?}) ({Íî çàñëóæèâàëà âíèìàíèÿ è äðóãàÿ çàùèòà êîíÿ} 26... c4 $5
{ñ ïðèìåðíûì} 27. Re2 Bg5 28. Rd1 exd4 29. cxd4 f5 30. Nh2 Bf4 31. Qf3 Bxh2+
32. Kxh2 Qxf3 33. gxf3 Re8 {
, è êîíü-êðàñàâåö îáåñïå÷èâàåò ÷¸ðíûì ëó÷øåå îêîí÷àíèå.}) 27. d5 $1 {
Ó áåëûõ î÷åíü òÿæ,ëàÿ ïîçèöèÿ, îñòà,òñÿ òîëüêî ïîïûòàòüñÿ «çàìóòèòü âîäó».
Ñåé÷àñ îíè ïûòàþòñÿ àêòèâèçèðîâàòü ñëîíà, êîòîðûé áû î÷åíü ïðèãîäèëñÿ ïðè
àòàêå íà êîðîëÿ.} ({Òðóñëèâîå} 27. Re2 {âåä,ò ïîñëå} f5 28. Nh6+ Kf8 29. Rd1
Qd5 {ê áîëüøîìó ïåðåâåñó ÷¸ðíûõ.}) 27... Qxd5 {Ëåâîí äåéñòâóåò ïîä÷,ðêíóòî
íàä,æíî. È ïðàâèëüíî äåëàåò! Çà÷åì, èìåÿ ïðîñòîå ïðîäîëæåíèå, èäòè íà íåÿñíûå
îñëîæíåíèÿ?} ({Ñëàáåå} 27... Nxb2 28. Rxe4 ({
òàê êàê ëèíèÿ «å» çàêðûòà, íå ïðîõîäèò} 28. Nh6+ Kg7 29. Nf5+ Kf8 30. Qe5 f6
$17) 28... h5 29. Nh6+ {È ÷¸ðíîìó êîðîëþ, óáåãàÿ îò øàõîâ, ñëåäóåò
ïåðåìåùàòüñÿ î÷åíü îñòîðîæíî! Òàê, ïîñëå} Kf8 {áåëûå ôîðñèðîâàííî ïîáåæäàëè} (
{Ïðàâèëüíî} 29... Kh7 30. Nxf7 Rxd5 31. Re6 Rg8 32. Qf4 Bf8 33. Ng5+ Rxg5 (
33... Kg7 34. Rf6) 34. Qxg5 Nd3 {, ïîõîæå íà ðàâåíñòâî.}) (29... Kg7 30. Rxe7
$1) 30. Qe5 (30. Rf4) 30... f6 31. Qe6 Kg7 32. Qf7+ Kxh6 33. Rxe7 Qxd5 34. Qg7+
Kg5 35. f4+ $1 Kf5 36. g4+ $1 {Íå óéä,øü!} hxg4 37. hxg4+ Kxf4 38. Qxf6+ Kxg4
39. Qxg6+ Qg5 40. Re4+ Kf3+ 41. Qxg5 Kxe4 42. Qg2+ Kd3 43. Qxb2 $18) ({
Ìåæäó ïðî÷èì, ñåé÷àñ óæå ìîæíî áûëî çàáðàòü ëàäüþ} 27... Nxe1 {È ïîñëå} 28.
Qe5 ({à â ñëó÷àå} 28. Rxe1 Rxd5 29. c4 bxc4 30. bxc4 Rd3 31. Qe5 Qxb2 32. Qxe7
Kg7 33. Ne5 Qb7 $1 {, ÷¸ðíûå îòáèâàþò àòàêó è ñîõðàíÿþò ìàòåðèàëüíûé ïåðåâåñ
}) 28... f6 $1 {ó áåëûõ íè÷åãî íåò:} 29. Qe6+ Kg7 30. Rxe1 h5 31. Ne3 c4 $1 {
ëàâíîå íå âûïóñòèòü íà âîëþ ñëîíà. È ÷¸ðíûå äîëæíû ïîñòåïåííî ïîáåäèòü.}) 28.
c4 Qe6 29. Be5 Bd6 {Îïÿòü ñàìîå êðåïêîå} ({Ñèëüíåå (íî è îñòðåå!)} 29... Rb7
30. Rxe4 f6 31. Re3 Nxe5 32. f4 bxc4 33. bxc4 h5 34. Nh2 h4 $1 35. Qe1 Qxc4 36.
fxe5 f5 $19) ({Íåìàëûå øàíñû ñïàñòèñü îáíàðóæèâàëèñü ó áåëûõ ïîñëå} 29... Nxe5
30. Qxe5 Qxe5 31. Nxe5 Bf6 32. Rxe4 bxc4 33. bxc4 {è ò.ä.}) 30. Bxd6 Qxd6 31.
Nh6+ Kf8 32. Rxe4 Qxg3 33. fxg3 bxc4 ({
Âèäèìî, Ëåâîí çðÿ îòêàçûâàåòñÿ îò âûèãðûøà ìàòåðèàëà ïóò¸ì} 33... f5 $1 34. Rf1
Kg7 35. Nxf5+ gxf5 36. Rxf5 bxc4 37. bxc4 Rd4 38. Re7+ Kg6 39. g4 Rb6 $1 $17 {
- è ÷¸ðíûå ñòîÿò íà ïîáåäó.}) 34. bxc4 Rd4 ({âñ¸ åù¸ âîçìîæíî áûëî} 34... f5
35. Rf1 Kg7 36. Nxf5+ gxf5 37. Rxf5 Rd4 38. Re7+ Kg6 39. g4 Rb6 {è ò.ä.}) 35.
Rxd4 cxd4 36. Ng4 ({Åñëè} 36. Rd1 {, òî} Rb3 37. Ng4 (37. a4 f5 {
ñòðåíîæèì êîíÿ!} 38. g4 Kg7 39. g5) 37... Rxa3 38. Kf1 Ke7 39. Ke2 Nb4 40. Rxd4
Rxg3 41. Kf2 Rc3 {ñ áîëüøèìè øàíñàìè íà ïîáåäó.}) 36... h5 37. Nf2 Ne5 ({
Ïåðåõîä â «ëàäåéíèê»} 37... Nxf2 38. Kxf2 {ïðèâîäèë ê íè÷üåé -} Rb2+ 39. Kf3
Rc2 40. Rd1 Rxc4 41. Ke4 Rc2 42. Rxd4 Rxg2 43. Kf4 {
, è îòñóòñòâèå ïåøêè êîìïåíñèðóåòñÿ àêòèâíûì êîðîë,ì.}) 38. c5 $1 {
Ó áåëûõ, îêàçûâàåòñÿ, òîæå åñòü «ïðîõîäèìåö»!} Rb3 39. g4 Ke7 40. gxh5 gxh5
41. Ne4 Re3 42. Nd6 Ke6 43. Ne8 a5 44. Nc7+ Kf5 {
Êîðîëü ñòðåìèòñÿ íà ïîìîùü ïðîõîäíîé.} 45. Nb5 Ke4 {Öåíòðàëüíàÿ ãðóïïèðîâêà ÷,
ðíûõ ôèãóð âûãëÿäèò, ñêàæåì ïðÿìî, âåñüìà óñòðàøàþùå.} 46. Rd1 Nc6 ({Íà} 46...
d3 {íàõîäèòñÿ îòâëå÷åíèå} 47. c6 $1 Nxc6 48. Nd6+ Kf4 49. Nc4 Rg3 50. Rf1+ Ke4
51. Rxf7 {è åñëè} Nd4 $2 {, òî} (51... Kd4 52. Nd2 Kc3 $4 53. Ne4+) 52. Kf2 $11
) 47. Kf2 a4 ({Ñèëüíåå} 47... Rb3 $1 {, óáèðàÿ ëàäüþ èç «âèëêîâîé» çîíû.})
48. Nd6+ Kd5 49. Rxd4+ $1 {Áîëüøèå ìàñòåðà íàõîäÿò âîçìîæíîñòü äëÿ
ñèìïàòè÷íîé òàêòèêè äàæå â ãëóáîêîì ýíäøïèëå!} Kxd4 ({Èëè} 49... Nxd4 50. Kxe3
Nc2+ 51. Kd3 Nxa3 52. g4 {- ýòî íè÷üÿ!}) 50. Nf5+ Kxc5 51. Kxe3 Ne5 52. g4 $5
{Æåðòâîé ïåøêè ñîçäàâàÿ ïðîõîäíóþ.} ({Ìîæíî è} 52. Ng3 $5 h4 ({èëè} 52... Nc4+
53. Kd3 Nxa3 54. Nxh5 Kb4 55. Nf4 Kb3 56. Ne2 $11 {è áåëûå äåðæàòñÿ}) 53. Nf5 (
{ñëàáåå} 53. Ne4+ $2 Kc4 54. Nd6+ Kb3 55. Ke4 f6 56. Nb5 Nc4) 53... Nc4+ (53...
Ng6 $6 $11) 54. Kd3 Nxa3 55. Nxh4 Nc4 56. Kc2 Ne3+ 57. Kb2 $11) 52... hxg4 53.
h4 Kc4 54. h5 Kb3 55. Kd4 Nf3+ 56. Kd3 Kxa3 57. Kc3 $1 {Ñîãëàñèëèñü íà íè÷üþ.
×¸ðíûé êîðîëü íå ìîæåò âûéòè èç óãëà. À êîíü äîëæåí ñòîðîæèòü áåëîãî
«ïðîõîäèìöà». È óâèëüíóòü îò ýòèõ îáÿçàííîñòåé åìó íå óäà,òñÿ, à, çíà÷èò,
ïîçèöèþ óñèëèòü íåëüçÿ.  Ñåãîäíÿ ìû óâèäåëè ïðåæíåãî Øèðîâà - îñòðîãî è
èçîáðåòàòåëüíîãî. Ïðàâäà, ñâîè ëó÷øèå êà÷åñòâà åìó ïðèøëîñü ïðîÿâëÿòü íå îò
õîðîøåé æèçíè.  Àðîíÿí æå íå èñïîëüçîâàë âñåõ øàíñîâ, è òåïåðü ïåðâîå ìåñòî
ìîæåò îò íåãî è óïëûòü...} 1/2-1/2